Rewriting language : how literary text can promote inclusive language use / Christiane Luck, author. (Record no. 22089)

000 -LEADER
fixed length control field 00488nam a22001457a 4500
020 ## - INTERNATIONAL STANDARD BOOK NUMBER
ISBN 9781787356672
082 ## - DEWEY DECIMAL CLASSIFICATION NUMBER
Classification number 401.43
Item number L9411 2020
100 ## - MAIN ENTRY--AUTHOR NAME
Personal name Luck, Christiane, author.
245 ## - TITLE STATEMENT
Title Rewriting language : how literary text can promote inclusive language use / Christiane Luck, author.
260 ## - PUBLICATION, DISTRIBUTION, ETC. (IMPRINT)
Place of publication Gower Street, London :
Name of publisher UCL Press,
Year of publication 2020.
300 ## - PHYSICAL DESCRIPTION
Number of Pages 1 online resource, vii,195 pages.
500 ## - GENERAL NOTE
General note Includes index.
650 ## - SUBJECT ADDED ENTRY--TOPICAL TERM
Topical Term Linguistic - Gender Studies.
942 ## - ADDED ENTRY ELEMENTS (KOHA)
Koha item type Electronic Books
Holdings
Source of acquisition Permanent Location Date acquired Collection code Koha item type Lost status Shelving location Withdrawn status Current Location Full call number
DonationsCagayan State University - Carig Library2026-04-14E-BooksElectronic Books E-Resource Section Cagayan State University - Carig Library401.43 L9411 2020

Cagayan State University University Library, Carig Campus
Tuguegarao City, Cagayan 3500 | www.csucarig.edu.ph

Powered by Koha